000 00714nam a2200217 i 4500
001 29584
003 ES-MaACL
005 20230906154045.0
007 t|
008 030122s1885 sp ||||1| spa d
100 1 _aBarreiro, Bernardo.
_925890
245 1 0 _aBrujos y astrólogos de la Inquisición de Galicia y el famoso libro de San Cipriano /
_cBernardo Barreiro.
260 _aLa Coruña :
_bVoz de Galicia,
_c1885.
300 _aLXII, 162 p. ;
_c17 cm.
500 _aIncluye (p. [121]-159): Libro de San Cipriano.
650 4 _aInquisición-
_zGalicia.
_9152307
650 4 _aBrujería-
_zGalicia.
_9152308
650 0 4 _aMagia.
_914729
740 0 _aLibro de San Cipriano.
852 _aES-MaACL
_jT-641-F-3
999 _c29584
_d29584